[Event "IND-ch U13 Girls 35th"]
[Site "Puducherry"]
[Date "2022.12.15"]
[Round "8"]
[White "Sherali, Pattnaik"]
[Black "Kumari, Prasad Jagriti"]
[Result "1-0"]
[WhiteElo "1512"]
[BlackElo "1473"]
[PlyCount "59"]
[EventDate "2022.12.11"]
[EventType "swiss"]
[EventRounds "11"]
[EventCountry "IND"]
[SourceTitle "EXT 2024"]
[Source "ChessBase"]
[SourceDate "2023.10.10"]
[SourceVersion "1"]
[SourceVersionDate "2023.10.10"]
[SourceQuality "1"]

1. e4 c5 2. Nf3 g6 3. d4 cxd4 4. Nxd4 Nc6 5. c4 Nf6 6. Nc3 d6 7. Be2 Nxd4 8. Qxd4 Bg7 9. 0-0 0-0 10. Qd1 Be6 11. Be3 Qa5 12. Bd4 Rfc8 13. b3 a6 14. a4 Rab8 15. f4 Qd8 16. f5 Bd7 17. g4 Bc6 18. g5 Nd7 19. fxg6 hxg6 20. Bg4 Bxd4+ 21. Qxd4 e6 22. h4 Qc7 23. Rxf7 Kxf7 24. Rf1+ Ke7 25. Qg7+ Kd8 26. Qg8+ Nf8 27. Rxf8+ Be8 28. Rxe8+ Kd7 29. Qxe6+ Kc6 30. Rxc8 1-0